Music Quiz

Random Music or Album Quiz

Slipknot Album Sort Quiz Stats

 Plays Quiz not verified by Sporcle

Score 0/81 Timer 10:00
0 Plays Today
% Correct
Slipknot
95.5%
Slipknot
95.5%
Slipknot
90.9%
Iowa
90.9%
Iowa
90.9%
Vol. 3 (The Subliminal Verses)
90.9%
Vol. 3 (The Subliminal Verses)
90.9%
Vol. 3 (The Subliminal Verses)
90.9%
We Are Not Your Kind
90.9%
We Are Not Your Kind
90.9%
We Are Not Your Kind
90.9%
We Are Not Your Kind
90.9%
Slipknot
86.4%
Slipknot
86.4%
Vol. 3 (The Subliminal Verses)
86.4%
Vol. 3 (The Subliminal Verses)
86.4%
Vol. 3 (The Subliminal Verses)
86.4%
Vol. 3 (The Subliminal Verses)
86.4%
All Hope is Gone
86.4%
All Hope is Gone
86.4%
All Hope is Gone
86.4%
We Are Not Your Kind
86.4%
We Are Not Your Kind
86.4%
We Are Not Your Kind
86.4%
We Are Not Your Kind
86.4%
Slipknot
81.8%
Slipknot
81.8%
% Correct
Slipknot
81.8%
Slipknot
81.8%
Iowa
81.8%
Iowa
81.8%
Iowa
81.8%
Iowa
81.8%
Iowa
81.8%
Iowa
81.8%
Vol. 3 (The Subliminal Verses)
81.8%
Vol. 3 (The Subliminal Verses)
81.8%
Vol. 3 (The Subliminal Verses)
81.8%
Vol. 3 (The Subliminal Verses)
81.8%
Vol. 3 (The Subliminal Verses)
81.8%
Vol. 3 (The Subliminal Verses)
81.8%
All Hope is Gone
81.8%
All Hope is Gone
81.8%
All Hope is Gone
81.8%
All Hope is Gone
81.8%
.5: The Gray Chapter
81.8%
.5: The Gray Chapter
81.8%
.5: The Gray Chapter
81.8%
.5: The Gray Chapter
81.8%
.5: The Gray Chapter
81.8%
We Are Not Your Kind
81.8%
We Are Not Your Kind
81.8%
We Are Not Your Kind
81.8%
We Are Not Your Kind
81.8%
% Correct
We Are Not Your Kind
81.8%
Slipknot
77.3%
Slipknot
77.3%
Slipknot
77.3%
Iowa
77.3%
Iowa
77.3%
Iowa
77.3%
Iowa
77.3%
Vol. 3 (The Subliminal Verses)
77.3%
All Hope is Gone
77.3%
All Hope is Gone
77.3%
.5: The Gray Chapter
77.3%
.5: The Gray Chapter
77.3%
.5: The Gray Chapter
77.3%
.5: The Gray Chapter
77.3%
.5: The Gray Chapter
77.3%
We Are Not Your Kind
77.3%
Slipknot
72.7%
Iowa
72.7%
Iowa
72.7%
All Hope is Gone
72.7%
All Hope is Gone
72.7%
.5: The Gray Chapter
72.7%
All Hope is Gone
68.2%
.5: The Gray Chapter
68.2%
.5: The Gray Chapter
63.6%
.5: The Gray Chapter
63.6%

You're not logged in!

Compare scores with friends on all Sporcle quizzes.
OR
Log In

Show Comments

Extras

Top Quizzes Today


Score Distribution

Your Account Isn't Verified!

In order to create a playlist on Sporcle, you need to verify the email address you used during registration. Go to your Sporcle Settings to finish the process.

Report this User

Report this user for behavior that violates our Community Guidelines.

Details: